| 000 | 00352 a2200157 4500 | ||
|---|---|---|---|
| 001 | 60691 | ||
| 020 | _a8508029004 | ||
| 040 | _cAnchieta - Pituba | ||
| 100 | _aFerreira, Maria Nazareth | ||
| 240 | 1 | 0 |
_aImprensa operária no Brasil _lpor |
| 245 | 1 | 0 | _aImprensa operária no Brasil |
| 300 | _a93 | ||
| 362 | 0 | _a1988 | |
| 650 | 4 | _aBrasil | |
| 942 | _cBK | ||
| 999 |
_c60691 _d60691 |
||